| 000 | 00934cam a2200253 a 4500 | ||
|---|---|---|---|
| 001 | 000003764 | ||
| 005 | 20200929150548.0 | ||
| 008 | 770512s1994 ag b 001 fdspa d | ||
| 040 |
_aDO-SdBNP _bspa _cBNPHU |
||
| 082 |
_a813.52 _bF553E |
||
| 100 | 1 |
_aEble, Kenneth Eugene, _d1923-1988 _911457 |
|
| 240 | 1 | 0 |
_aF. Scott Fitzgerald. _lEspañol. |
| 245 | 1 | 0 |
_aF. Scott Fitzgerald / _cKenneth Eble ; traducción Ana María Uribe. |
| 260 |
_aBuenos Aires : _bPleamar, _c1994. |
||
| 300 |
_axi, 169 p. ; _c20 cm. |
||
| 500 | _aTraducido del inglés. | ||
| 500 | _aIncluye cronología de la vida de F. Scott Fitzgerald. | ||
| 504 | _aBibliografía: p. 164-169. | ||
| 600 | 1 | 4 |
_aFITZGERALD, FRANCIS SCOTT _d1896-1940 _xCRÍTICA E INTERPRETACIÓN _911458 |
| 650 | 4 |
_aNovela autobiográfica estadounidense _911459 |
|
| 650 | 4 |
_aLiteratura estadounidense _9263 |
|
| 700 | 1 |
_aUribe, Ana María, _etr. _911460 |
|
| 910 | _aJornada de catalogación | ||
| 999 |
_c3586 _d3586 |
||